SHIPPING LAW (Record no. 27528)
[ view plain ]
| 000 -LEADER | |
|---|---|
| fixed length control field | 02889cam a2200493M 4500 |
| 001 - CONTROL NUMBER | |
| control field | 9781003279525 |
| 003 - CONTROL NUMBER IDENTIFIER | |
| control field | FlBoTFG |
| 005 - DATE AND TIME OF LATEST TRANSACTION | |
| control field | 20240802130257.0 |
| 006 - FIXED-LENGTH DATA ELEMENTS--ADDITIONAL MATERIAL CHARACTERISTICS | |
| fixed length control field | m o d |
| 007 - PHYSICAL DESCRIPTION FIXED FIELD--GENERAL INFORMATION | |
| fixed length control field | cr |n||||||||| |
| 008 - FIXED-LENGTH DATA ELEMENTS--GENERAL INFORMATION | |
| fixed length control field | 230508s2023 xx o 0|| 0 eng d |
| 020 ## - INTERNATIONAL STANDARD BOOK NUMBER | |
| International Standard Book Number | 9781000886450 |
| Qualifying information | (electronic bk.) |
| International Standard Book Number | 100088645X |
| Qualifying information | (electronic bk.) |
| International Standard Book Number | 9781003279525 |
| Qualifying information | (electronic bk.) |
| International Standard Book Number | 100327952X |
| Qualifying information | (electronic bk.) |
| International Standard Book Number | 9781000886474 |
| Qualifying information | (electronic bk. : EPUB) |
| International Standard Book Number | 1000886476 |
| Qualifying information | (electronic bk. : EPUB) |
| Canceled/invalid ISBN | 1032246170 |
| Canceled/invalid ISBN | 9781032246178 |
| 024 7# - OTHER STANDARD IDENTIFIER | |
| Standard number or code | 10.4324/9781003279525 |
| Source of number or code | doi |
| 035 ## - SYSTEM CONTROL NUMBER | |
| System control number | (OCoLC)1378430174 |
| System control number | (OCoLC-P)1378430174 |
| 040 ## - CATALOGING SOURCE | |
| Original cataloging agency | OCoLC-P |
| Language of cataloging | eng |
| Transcribing agency | OCoLC-P |
| 050 #4 - LIBRARY OF CONGRESS CALL NUMBER | |
| Classification number | KD1819 |
| 072 #7 - SUBJECT CATEGORY CODE | |
| Subject category code | LAW |
| Subject category code subdivision | 000000 |
| Source | bisacsh |
| Subject category code | LAW |
| Subject category code subdivision | 014000 |
| Source | bisacsh |
| Subject category code | LAW |
| Subject category code subdivision | 051000 |
| Source | bisacsh |
| Subject category code | LBDM |
| Source | bicssc |
| 082 04 - DEWEY DECIMAL CLASSIFICATION NUMBER | |
| Classification number | 343.4109/6 |
| Edition number | 23/eng/20230512 |
| 100 1# - MAIN ENTRY--PERSONAL NAME | |
| Personal name | Baughen, Simon. |
| 245 10 - TITLE STATEMENT | |
| Title | SHIPPING LAW |
| Medium | [electronic resource]. |
| 250 ## - EDITION STATEMENT | |
| Edition statement | Eighth edition. |
| 260 ## - PUBLICATION, DISTRIBUTION, ETC. | |
| Place of publication, distribution, etc. | [S.l.] : |
| Name of publisher, distributor, etc. | ROUTLEDGE, |
| Date of publication, distribution, etc. | 2023. |
| 300 ## - PHYSICAL DESCRIPTION | |
| Extent | 1 online resource |
| 520 ## - SUMMARY, ETC. | |
| Summary, etc. | In this indispensable textbook, Simon Baughen expertly covers the whole spectrum of English shipping law, placing the highly specialised rules of shipping in a commercial context and relating them to the general principles of contract and tort law. The 8th edition is brought fully up to date, covering all the relevant legal implications following on from Brexit. In-depth commentary on judicial decisions and well-balanced coverage and analysis of recent and key cases provide an up-to-date reference for students on shipping law courses. All key topics are comprehensively covered, including bills of lading, charterparties, salvage, marine pollution, jurisdiction, choice of law, arbitration, and accidents and collisions. Continuing significant and noteworthy developments in shipping law are explored in this new edition, such as the introduction into the House of Lords in October 2022 of the Electronic Trade Documents Bill. The field of international conventions has also seen several changes since theprevious edition. Shipping Law provides an invaluable source of reference, both for students and those in practice. The book's accessible narrative and useful glossary of key terms will especially benefit students new to shipping law or from non-law backgrounds. |
| 588 ## - SOURCE OF DESCRIPTION NOTE | |
| Source of description note | OCLC-licensed vendor bibliographic record. |
| 650 #7 - SUBJECT ADDED ENTRY--TOPICAL TERM | |
| Topical term or geographic name entry element | LAW / General |
| Source of heading or term | bisacsh |
| Topical term or geographic name entry element | LAW / Commercial / General |
| Source of heading or term | bisacsh |
| Topical term or geographic name entry element | LAW / International |
| Source of heading or term | bisacsh |
| Topical term or geographic name entry element | Maritime law |
| Geographic subdivision | Great Britain. |
| 856 40 - ELECTRONIC LOCATION AND ACCESS | |
| Materials specified | Taylor & Francis |
| Uniform Resource Identifier | <a href="https://www.taylorfrancis.com/books/9781003279525">https://www.taylorfrancis.com/books/9781003279525</a> |
| Materials specified | OCLC metadata license agreement |
| Uniform Resource Identifier | <a href="http://www.oclc.org/content/dam/oclc/forms/terms/vbrl-201703.pdf">http://www.oclc.org/content/dam/oclc/forms/terms/vbrl-201703.pdf</a> |
| 942 ## - ADDED ENTRY ELEMENTS (KOHA) | |
| Source of classification or shelving scheme | |
| Koha item type | E-Book |
No items available.